[Event "CAN-ch U14"]
[Site "Ottawa"]
[Date "2013.07.11"]
[Round "4"]
[White "Wang, Edward"]
[Black "Michelashvili, Alexandre"]
[Result "0-1"]
[WhiteElo "1303"]
[BlackElo "1776"]
[PlyCount "47"]
[EventDate "2013.07.10"]
[EventType "swiss"]
[EventRounds "6"]
[EventCountry "CAN"]
[SourceTitle "EXT 2022"]
[Source "ChessBase"]
[SourceDate "2021.10.06"]
[SourceVersion "1"]
[SourceVersionDate "2021.10.06"]
[SourceQuality "1"]

1. d4 d5 2. c4 e6 3. Nd2 Nf6 4. g3 c6 5. Ngf3 Be7 6. Bg2 0-0 7. 0-0 Nbd7 8. Re1 Nb6 9. b3 Bb4 10. c5 Nbd7 11. a3 Ba5 12. b4 Bc7 13. e4 e5 14. Bb2 dxe4 15. Nxe4 Nxe4 16. Rxe4 Nf6 17. Re1 exd4 18. Qxd4 Qxd4 19. Bxd4 Be6 20. Bxf6 gxf6 21. Nd4 Rfe8 22. Nxe6 fxe6 23. Rad1 Re7 24. f4 0-1